000 00447nam a2200145Ia 4500
005 20251020182610.0
008 200515s9999 xx 000 0 und d
082 _aSC/625.71/M61/v. 2
110 _aMinisterio de Transporte y Comunicaciones, Vivienda y Construcción
245 0 _aEstudio definitivo para la Re habitación y Mejoramiento de la Carretera Nazca Y Puquio
260 _aLima
260 _cs.a.
650 _aCARRETERAS
942 _cLIB
999 _c3321
_d3321